The Simpsons A-Z Quiz Stats

 Plays Quiz Updated May 21, 2018

Challenge
Share
Tweet
Embed
Score 0/26 Timer 04:00
11 Plays Today
Letter Answer % Correct
AApu Nahasapeemapetilon
97.1%
DDuff Beer
95.1%
MMoe Szyslak
89.4%
NNed Flanders
87.7%
IItchy
86%
PPatty Bouvier
81.3%
QQuimby
75.3%
KKent Brockman
75.1%
EEvergreen Terrace
74.3%
CCletus Spuckler
72.8%
RRadioactive Man
68.4%
VVan Houten
62.2%
JJulius Hibbert
60.8%
Letter Answer % Correct
HHans Moleman
57.2%
FFlaming Homer (a.k.a. Flaming Moe)
57.2%
GGil Gunderson
54.9%
LLionel Hutz
54.4%
TTroy McClure
52.2%
SSquishee
52%
XXena
51.9%
BBlinky
50.1%
ZZiff
42.1%
OOgdenville
37.2%
UÜter Zörker
36.5%
WWendell Borton
26.6%
YYe Olde Off-Ramp
5.2%

You're not logged in!

Compare scores with friends on all Sporcle quizzes.
OR
Log In

You Might Also Like...

Show Comments

Extras

Top Quizzes Today


Score Distribution

Your Account Isn't Verified!

In order to create a playlist on Sporcle, you need to verify the email address you used during registration. Go to your Sporcle Settings to finish the process.

Report this User

Report this user for behavior that violates our Community Guidelines.

Details: